Tango : discusion y clave /

Guardado en:
Autor Principal: Sábato, Ernesto
Formato: Libro
Publicado: Buenos Aires : Losada, 1963
Etiquetas: Agregar Etiqueta
Sin Etiquetas, Sea el primero en etiquetar este registro!
LEADER 00396nam a22001455a 4500
001 CEM.cems006125
005 20060214000000.0
008 130507s1963##################000#0#####d
003 CEMS
082 0 4 |a 784.4 
100 1 |a Sábato, Ernesto 
245 1 0 |a Tango :  |b discusion y clave / 
260 |a Buenos Aires :  |b Losada,  |c 1963 
300 |a 162 p. 
859 |a CEMS  |b BIB. CEMS - 11 de abril  |h 784.4  |i Sa13  |p 11589.83  |t Ej.1